|
|
|
|
| LEADER |
01502nam a2200265 a 4500 |
| 001 |
GR-MES16385 |
| 008 |
140414s gr 000 0 gre d |
| 040 |
|
|
|a GrPaTEI
|b gre
|c GR-PaULI
|
| 040 |
|
|
|a GrPaTEI
|b gre
|c GR-PaULI
|
| 100 |
1 |
|
|a Πινιού, Ερασμία
|
| 245 |
1 |
0 |
|a Επιχειρηματικό σχέδιο ανάπτυξης και εξόδου απο την κρίση της επιχείρησης εμφιάλωσης μεταλλικού και ανθρακούχου νερού Σουρωτη Α.Ε. μελέτη περίπτωσης /
|c Σπουδάστρια: Ερασμία Πινίου ; Εισηγητής:Δημήτριος Φύλακτος.
|
| 260 |
|
|
|a Μεσολόγγι :
|b ΤΕΙ Δυτικής Ελλάδος,
|c 2014
|
| 300 |
|
|
|a 66 σ. :
|b εικ.,σχημ.
|
| 504 |
|
|
|a βιβλιογραφία:σ.66
|
| 650 |
|
4 |
|a Επιχείρηση
|x Μάνατζμεντ
|
| 650 |
|
4 |
|a Νερό
|
| 650 |
|
4 |
|a Πτυχιακή εργασία
|y 2014
|
| 700 |
1 |
|
|a Φύλακτος, Δημήτριος
|
| 710 |
0 |
|
|a Σ.Δ.Ο..
|b Τμήμα Διοίκησης Επιχειρήσεων
|
| 710 |
0 |
|
|a ΤΕΙ Δυτικής Ελλάδας
|
| 856 |
4 |
0 |
|u https://nereus.library.upatras.gr/formermes//ptyxiakes/sdo/sdo_de/2011-2015/48pe.pdf
|
| 942 |
|
|
|2 ddc
|
| 952 |
|
|
|0 0
|1 0
|2 ddc
|4 0
|7 0
|9 274385
|a MSLG
|b MSLG
|c BSC
|d 2021-01-17
|e 24
|f 0
|g 0.00
|l 0
|p 2420048
|r 2021-01-17 00:00:00
|t 1
|v 2021.00
|w 2021-01-17
|y BK15
|x 20140414 0 K.G. 0
|x GrPaTEI
|
| 971 |
|
|
|a .b2582434x
|b 16-04-20
|c 13-09-16
|
| 999 |
|
|
|c 158746
|d 158746
|